000 00492nam a2200181Ia 4500
005 20250423100534.0
008 250422s9999 xx 000 0 und d
020 _a978-0-521-63354-3
050 _aP 53.47 .W66/
100 _aWoodland, Tessa
245 0 _aPlanning lessons and courses ; designing sequences of work for the language classroom
260 _aCambridge
260 _bCambridge University Press
260 _c2009
300 _a242 p
650 _aEducation
942 _cBK
999 _c33612
_d33612